The liberators: (Record no. 210864)

MARC details
000 -LEADER
fixed length control field 00601nam a22001817a 4500
005 - DATE AND TIME OF LATEST TRANSACTION
control field 20250407143452.0
010 ## - LCCN (DPL NO)
LC control number ENG-144521
020 ## - INTERNATIONAL STANDARD BOOK NUMBER
International Standard Book Number 9788176473774
Terms of availability 225.00
035 ## - SYSTEM CONTROL NUMBER
System control number EN-128053
037 ## - SOURCE OF ACQUISITION
Source of stock number/acquisition DBAD
082 ## - DEWEY DECIMAL CLASSIFICATION NUMBER
Classification number 954.035
100 ## - MAIN ENTRY--PERSONAL NAME
Personal name Mohinder Paul Singh
245 ## - TITLE STATEMENT
Title The liberators:
Remainder of title The Sikh Jathedars, Missaldars & Sirdars/
Statement of responsibility, etc Mohinder Paul Singh
260 ## - PUBLICATION, DISTRIBUTION, ETC. (IMPRINT)
Place of publication, distribution, etc Ludhiana
Name of publisher, distributor, etc Lahore Books
Date of publication, distribution, etc 2015
270 ## - ADDRESS
City Ludhiana
Address 2, Lajpat Rai Market, Near Society Cinema
Postal code 141008
Electronic mail address www.lahorepublishers.com
300 ## - PHYSICAL DESCRIPTION
Extent 144p.
Other physical details 21cm(pb)
942 ## - ADDED ENTRY ELEMENTS (KOHA)
Source of classification or shelving scheme Dewey Decimal Classification
Item type English Books
Classification part 954.035
Call number suffix MOH
Holdings
Withdrawn status Lost status Not for loan Collection code Home library Current library Date acquired Source of acquisition Cost, normal purchase price Full call number Barcode Copy number Cost, replacement price Koha item type
      Non-fiction Janak Puri Janak Puri 07/04/2025 Delivery of Books Act Division 225.00 954.035 MOH EN-128053 1 225.00 English Books

© Delhi Public Library
Hit Counter
free hit counter